00275nam a2200109Ia 4500008004100000041000800041082001000049100002800059245006100087260000600148650001100154220524s9999 xx 000 0 und d aeng a746.1 aDing Zhang & Yanpu Yuan aAn overall collection of China Blue Calico Vein Patterns b- aDyeing